Normal view
MARC view
Entry Personal Name
001 - CONTROL NUMBER
- control field: 100575
003 - CONTROL NUMBER IDENTIFIER
- control field: OSt
005 - DATE AND TIME OF LATEST TRANSACTION
- control field: 20230509111931.0
008 - FIXED-LENGTH DATA ELEMENTS
- fixed length control field: 230509|| aca||aabn | a|a d
040 ## - CATALOGING SOURCE
- Original cataloging agency: OSt
- Transcribing agency: OSt
100 ## - HEADING--PERSONAL NAME
- Personal name: HARRIGAN (W F)
670 ## - SOURCE DATA FOUND
- Source citation: Work cat.: (OSt)165593: HARRIGAN (W F), Laboratory methods in food microbiology Ed 3, 2014